[Event "Warsaw YMCA Summer-A 202nd"]
[Site "Warsaw"]
[Date "2018.08.02"]
[Round "8"]
[White "Kasperkiewicz, Pawel"]
[Black "Sloniewski, Michal"]
[Result "1/2-1/2"]
[WhiteElo "1958"]
[BlackElo "1806"]
[PlyCount "62"]
[EventDate "2018.07.04"]
[EventType "tourn"]
[EventRounds "10"]
[EventCountry "POL"]
[SourceTitle "EXT 2021"]
[Source "ChessBase"]
[SourceDate "2020.10.23"]
[SourceVersion "1"]
[SourceVersionDate "2020.10.23"]
[SourceQuality "1"]

1. c4 Nf6 2. Nc3 g6 3. d4 d5 4. Nf3 Bg7 5. Bg5 Ne4 6. cxd5 Nxc3 7. bxc3 Qxd5 8. Qb3 Qa5 9. e3 c5 10. Bc4 e6 11. 0-0 Nc6 12. Bf4 cxd4 13. cxd4 0-0 14. Rac1 e5 15. dxe5 Nxe5 16. Nxe5 Bxe5 17. Bxe5 Qxe5 18. Rfd1 b6 19. Bd5 Rb8 20. Qc3 Qxc3 21. Rxc3 Bb7 22. Rc7 Bxd5 23. Rxd5 Rfc8 24. Rdd7 Rxc7 25. Rxc7 Rd8 26. g4 a6 27. Ra7 a5 28. Rb7 Rd2 29. Rxb6 Rxa2 30. Ra6 Ra4 31. h3 Kg7 1/2-1/2

[Event "Warsaw YMCA Summer-B 173rd"]
[Site "Warsaw"]
[Date "2016.08.05"]
[Round "8"]
[White "Sloniewski, Michal"]
[Black "Oles, Jan"]
[Result "1-0"]
[WhiteElo "1532"]
[BlackElo "1278"]
[PlyCount "39"]
[EventDate "2016.07.01"]
[EventType "tourn"]
[EventRounds "11"]
[EventCountry "POL"]
[SourceTitle "EXT 2019"]
[Source "ChessBase"]
[SourceDate "2018.10.10"]
[SourceVersion "1"]
[SourceVersionDate "2018.10.10"]
[SourceQuality "1"]

1. c4 g6 2. Nc3 Bg7 3. g3 Bxc3 4. dxc3 Nc6 5. Bg2 h5 6. Nf3 d6 7. b4 a6 8. b5 axb5 9. cxb5 Na7 10. c4 e5 11. a4 c6 12. Bb2 Qa5+ 13. Qd2 Qxd2+ 14. Nxd2 h4 15. b6 hxg3 16. hxg3 Rxh1+ 17. Bxh1 f6 18. bxa7 Rxa7 19. Ne4 Ke7 20. Ba3 1-0

[Event "Warsaw YMCA Summer-B 173rd"]
[Site "Warsaw"]
[Date "2016.07.26"]
[Round "6"]
[White "Sloniewski, Michal"]
[Black "Markiewicz, Janusz"]
[Result "1-0"]
[WhiteElo "1532"]
[BlackElo "1252"]
[PlyCount "55"]
[EventDate "2016.07.01"]
[EventType "tourn"]
[EventRounds "11"]
[EventCountry "POL"]
[SourceTitle "EXT 2019"]
[Source "ChessBase"]
[SourceDate "2018.10.10"]
[SourceVersion "1"]
[SourceVersionDate "2018.10.10"]
[SourceQuality "1"]

1. c4 e5 2. g3 c6 3. d4 d5 4. dxe5 Qa5+ 5. Bd2 Bb4 6. a3 Bxd2+ 7. Qxd2 Qc5 8. cxd5 cxd5 9. Bg2 Ne7 10. Nf3 0-0 11. 0-0 Nbc6 12. b4 Qc4 13. Nc3 d4 14. Ne4 Ng6 15. Nc5 Ngxe5 16. Nxe5 Nxe5 17. Rac1 Qb5 18. a4 Qb6 19. Qxd4 Nc6 20. Qc3 Nxb4 21. Rb1 a5 22. Nd3 Qe6 23. Nxb4 axb4 24. Qxb4 Qxe2 25. Rfe1 Qa6 26. Rbd1 Qxa4 27. Qxf8+ Kxf8 28. Rd8+ 1-0

[Event "Warsaw YMCA Summer-B 173rd"]
[Site "Warsaw"]
[Date "2016.07.26"]
[Round "5"]
[White "Szumigaj, Marcin"]
[Black "Sloniewski, Michal"]
[Result "1/2-1/2"]
[WhiteElo "1279"]
[BlackElo "1532"]
[PlyCount "42"]
[EventDate "2016.07.01"]
[EventType "tourn"]
[EventRounds "11"]
[EventCountry "POL"]
[SourceTitle "EXT 2019"]
[Source "ChessBase"]
[SourceDate "2018.10.10"]
[SourceVersion "1"]
[SourceVersionDate "2018.10.10"]
[SourceQuality "1"]

1. d4 Nf6 2. c4 g6 3. Nc3 d5 4. cxd5 Nxd5 5. e4 Nxc3 6. bxc3 c5 7. Be3 Bg7 8. Rb1 0-0 9. Nf3 Nc6 10. Qd2 cxd4 11. cxd4 b6 12. Bb5 Bb7 13. 0-0 Rc8 14. Rfc1 a6 15. Be2 e6 16. d5 exd5 17. exd5 Ne7 18. d6 Rxc1+ 19. Rxc1 Nd5 20. Bxa6 Ba8 21. Bh6 Qxd6 1/2-1/2

[Event "Warsaw YMCA Summer-B 173rd"]
[Site "Warsaw"]
[Date "2016.07.19"]
[Round "1"]
[White "Sloniewska, Alicja"]
[Black "Sloniewski, Michal"]
[Result "0-1"]
[WhiteElo "1147"]
[BlackElo "1532"]
[PlyCount "70"]
[EventDate "2016.07.01"]
[EventType "tourn"]
[EventRounds "11"]
[EventCountry "POL"]
[SourceTitle "EXT 2019"]
[Source "ChessBase"]
[SourceDate "2018.10.10"]
[SourceVersion "1"]
[SourceVersionDate "2018.10.10"]
[SourceQuality "1"]

1. d4 Nf6 2. c4 g6 3. f3 Bg7 4. e4 0-0 5. Bd3 d6 6. Ne2 e5 7. d5 c6 8. 0-0 Ne8 9. Be3 f5 10. Nbc3 f4 11. Bf2 Nf6 12. Rc1 g5 13. Qe1 Kh8 14. Kh1 Rg8 15. Ng1 Qe8 16. Be2 Qh5 17. g4 Qg6 18. Rd1 c5 19. Nb5 Ne8 20. Kg2 a6 21. Nc3 h5 22. h3 Bf6 23. Bd3 Kg7 24. Nge2 Be7 25. Rh1 Nf6 26. Kf1 Rh8 27. Kg2 Nbd7 28. Nc1 Nb6 29. Qe2 Bd7 30. b3 Rh6 31. Rdg1 Rah8 32. Bc2 Qh7 33. Qf1 hxg4 34. hxg4 Rh2+ 35. Rxh2 Qxh2# 0-1

[Event "Warsaw YMCA Spring-D 170th"]
[Site "Warsaw"]
[Date "2016.05.31"]
[Round "9"]
[White "Sieczkowski, Adam"]
[Black "Sloniewski, Michal"]
[Result "1-0"]
[WhiteElo "1494"]
[BlackElo "1506"]
[PlyCount "113"]
[EventDate "2016.04.05"]
[EventType "tourn"]
[EventRounds "13"]
[EventCountry "POL"]
[SourceTitle "EXT 2019"]
[Source "ChessBase"]
[SourceDate "2018.10.10"]
[SourceVersion "1"]
[SourceVersionDate "2018.10.10"]
[SourceQuality "1"]

1. Nf3 Nf6 2. g3 b5 3. Bg2 Bb7 4. 0-0 e6 5. d3 Be7 6. e4 d6 7. Nbd2 Nbd7 8. b3 c5 9. Bb2 Qc7 10. e5 dxe5 11. Qe2 0-0 12. Nxe5 Bxg2 13. Kxg2 Nd5 14. Nxd7 Qxd7 15. Rae1 Bf6 16. Bxf6 Nxf6 17. Ne4 Nxe4 18. Qxe4 Rfd8 19. Qh4 Qb7+ 20. Qe4 Qxe4+ 21. Rxe4 Rd5 22. a4 a6 23. Ra1 b4 24. Rae1 Rad8 25. Rc4 e5 26. f4 f6 27. Kf3 Kf7 28. Rce4 exf4 29. Re7+ Kg6 30. gxf4 R8d7 31. Rxd7 Rxd7 32. Re6 Kf5 33. Rxa6 Rd4 34. Rc6 Rxf4+ 35. Ke3 Rh4 36. Rxc5+ Kg6 37. a5 Rxh2 38. a6 Rh3+ 39. Kd4 Rh1 40. Ra5 Re1 41. a7 Re8 42. a8Q Rxa8 43. Rxa8 h5 44. Rh8 f5 45. Ke3 Kg5 46. Kf3 Kh4 47. Rf8 g6 48. d4 Kh3 49. d5 g5 50. Rxf5 g4+ 51. Kf2 h4 52. Rh5 g3+ 53. Kg1 Kg4 54. Rxh4+ Kxh4 55. d6 Kg5 56. d7 Kf6 57. d8Q+ 1-0

[Event "Warsaw YMCA Spring 152nd"]
[Site "Warsaw"]
[Date "2015.05.26"]
[Round "8"]
[White "Budrewicz, Henryk"]
[Black "Sloniewski, Michal"]
[Result "1/2-1/2"]
[WhiteElo "1536"]
[BlackElo "1345"]
[PlyCount "87"]
[EventDate "2015.04.09"]
[EventType "tourn"]
[EventRounds "13"]
[EventCountry "POL"]
[SourceTitle "EXT 2017"]
[Source "ChessBase"]
[SourceDate "2016.10.25"]
[SourceVersion "1"]
[SourceVersionDate "2016.10.25"]
[SourceQuality "1"]

1. d4 Nf6 2. Nf3 g6 3. Bf4 Bg7 4. e3 d5 5. Nbd2 0-0 6. h3 c5 7. c3 cxd4 8. exd4 Nc6 9. Be2 Bf5 10. 0-0 Rc8 11. Nh4 a6 12. Nxf5 gxf5 13. Bd3 e6 14. Re1 b5 15. a3 Na5 16. Qe2 Nc4 17. Nb3 Kh8 18. Nc5 a5 19. Nxe6 fxe6 20. Qxe6 Nh5 21. Bh2 Nxb2 22. Bxf5 Rxc3 23. Rab1 Na4 24. Rxb5 Qg5 25. Rxd5 Nf4 26. Bxf4 Qxf4 27. Qe4 Qxe4 28. Bxe4 Rxa3 29. Rxa5 Bxd4 30. Rf1 Bxf2+ 31. Kh1 Bc5 32. Rxf8+ Bxf8 33. Bc6 Nc3 34. Rxa3 Bxa3 35. Kg1 Kg7 36. Kf1 Kf6 37. Ke1 Ke5 38. Kf2 Bd6 39. Kf3 Kf5 40. h4 Be7 41. g4+ Kg6 42. Be8+ Kh6 43. g5+ Bxg5 44. hxg5+ 1/2-1/2